000
00341nam a2200133Ia 4500
008
151001s9999||||xx |||||||||||||| ||und||
100
_a
ना ह आपटे
245
_a
पुरुषाचे भाग्य
250
_a
4
260
_b
सौ सरस्वती आपटे
260
_c
1961
300
_a
88
365
_b
7
999
_c
952500
_d
952497